00832pab a2200145 454500008004000000100002200040245004200062260000900104300001600113362001000129520045800139650004100597650001400638773003400652180718b2002 xxu||||| |||| 00| 0 eng d aBanerjee, Sumanta aTwo elections - two sides of the coin c2002 ap.4481-482. a2 Nov aThe resumption of the Indo-Pak dialogue appears to have been hinged on the conduct of `free and fair' elections in Pakistan as well as Jammu and Kashmir. Now, although the US has given both Vajpayee and Musharraf clean chits on that count, there appear to be no signs of new initiatives between the two countries. In fact in the post poll scenario, the influence of the hawks on their respective governments appear to be set to increase. - Reproduced. aIndia - Foreign relations - Pakistan aElections aEconomic and Political Weekly